Statistics for The Princess and the Frog Characters Quiz

Click here to take the quiz!

General Stats

  • This quiz has been taken 93 times
  • The average score is 7 of 17

Answer Stats

DescriptionCharacter% Correct
A 19-year-old waitress and aspiring chef/restaurateurTiana
100%
The prince of Maldonia, who is a 24-year-old ne'er-do-well and playboy who has been cut off from his family's riches until he learns the value of responsibilityPrince Naveen
96%
A blind, 197-year-old voodoo priestess who serves as the film's Fairy GodmotherMama Odie
83%
A Cajun firefly who knows Mama Odie and offers to help the frogs get to herRay
82%
A friendly, neurotic, trumpet-playing alligator whose dream is to become human so he can join a jazz bandLouis
68%
A wealthy Southern débutante and Tiana's best friend since childhood who dreams of marrying a princeCharlotte "Lottie" La Bouff
59%
A very wealthy Southern sugar mill owner and father of Charlotte La BouffEli "Big Daddy" La Bouff
38%
A voodoo bokor (witch doctor)Doctor Facilier
37%
Prince Naveen's valet, whom Dr. Facilier recruits as a partner in his scheme by transforming him to look like Naveen using a blood charmLawrence
32%
Tiana's motherEudora
30%
Charlotte's pet dog who talks to Tiana during the film, when she is chasing Tiana and Naveen as frogs on the tableStella
30%
Tiana's father, who helped instill a strong work ethic in TianaJames
21%
Mama Odie's green pet snakeJuju
20%
two real estate agents who sell Tiana the sugar millThe Fenner Brothers
12%
A bumbling frog hunter who triesto catch Tiana and Naveen as frogsTwo-Fingers
12%
A bumbling frog hunter who triesto catch Tiana and Naveen as frogsReggie
11%
A bumbling frog hunter who triesto catch Tiana and Naveen as frogsDarnell
11%

Score Distribution

Percentile by Number Answered

Percent of People with Each Score

Your Score History

You have not taken this quiz